<?xml version="1.0" encoding="UTF-8"?>
<collection xmlns="http://www.loc.gov/MARC21/slim">
 <record>
  <leader>07397nas a2200997   4500</leader>
  <controlfield tag="001">1/50441</controlfield>
  <controlfield tag="008">020404s19949999lu  r1p       0   g0eng d</controlfield>
  <datafield tag="022" ind1="0" ind2=" ">
   <subfield code="a">1025-2266</subfield>
  </datafield>
  <datafield tag="035" ind1=" " ind2=" ">
   <subfield code="l">31271</subfield>
  </datafield>
  <datafield tag="090" ind1=" " ind2=" ">
   <subfield code="a">ΚΕΤ Αλφαβητική σειρά</subfield>
  </datafield>
  <datafield tag="245" ind1="0" ind2="0">
   <subfield code="a">Competition policy newsletter</subfield>
  </datafield>
  <datafield tag="260" ind1=" " ind2=" ">
   <subfield code="a">Luxembourg :</subfield>
   <subfield code="b">Office for Official Publications of the European Communities,</subfield>
   <subfield code="c">1994-</subfield>
  </datafield>
  <datafield tag="300" ind1=" " ind2=" ">
   <subfield code="a">τ. ,</subfield>
   <subfield code="b">εικ. ;</subfield>
   <subfield code="c">29 εκ.</subfield>
  </datafield>
  <datafield tag="310" ind1=" " ind2=" ">
   <subfield code="a">3 φορές το χρόνο 1997- ; Προηγούμενα 4 φορές το χρόνο 1994-1996</subfield>
  </datafield>
  <datafield tag="546" ind1=" " ind2=" ">
   <subfield code="a">Αγγλική, Γαλλική, Γερμανική</subfield>
  </datafield>
  <datafield tag="650" ind1=" " ind2="4">
   <subfield code="a">Restraint of trade</subfield>
   <subfield code="z">European Economic Community countries</subfield>
   <subfield code="x">Cases</subfield>
   <subfield code="v">Periodicals.</subfield>
  </datafield>
  <datafield tag="710" ind1="2" ind2=" ">
   <subfield code="a">European Commission.</subfield>
  </datafield>
  <datafield tag="852" ind1=" " ind2=" ">
   <subfield code="a">INST</subfield>
   <subfield code="b">UNIPILB</subfield>
   <subfield code="c">SERIALS</subfield>
   <subfield code="e">20060714</subfield>
   <subfield code="h">ΚΕΤ Αλφαβητική σειρά</subfield>
   <subfield code="p">51972</subfield>
   <subfield code="q">51972</subfield>
   <subfield code="t">NOLOAN</subfield>
   <subfield code="v">no.1:(Μήνας)February;(Έτος)1998</subfield>
   <subfield code="y">23</subfield>
  </datafield>
  <datafield tag="852" ind1=" " ind2=" ">
   <subfield code="a">INST</subfield>
   <subfield code="b">UNIPILB</subfield>
   <subfield code="c">SERIALS</subfield>
   <subfield code="e">20060714</subfield>
   <subfield code="h">ΚΕΤ Αλφαβητική σειρά</subfield>
   <subfield code="p">51973</subfield>
   <subfield code="q">51973</subfield>
   <subfield code="t">NOLOAN</subfield>
   <subfield code="v">no.2:(Μήνας)June;(Έτος)1998</subfield>
   <subfield code="y">23</subfield>
  </datafield>
  <datafield tag="852" ind1=" " ind2=" ">
   <subfield code="a">INST</subfield>
   <subfield code="b">UNIPILB</subfield>
   <subfield code="c">SERIALS</subfield>
   <subfield code="e">20060714</subfield>
   <subfield code="h">ΚΕΤ Αλφαβητική σειρά</subfield>
   <subfield code="p">51974</subfield>
   <subfield code="q">51974</subfield>
   <subfield code="t">NOLOAN</subfield>
   <subfield code="v">no.3:(Μήνας)October;(Έτος)1998</subfield>
   <subfield code="y">23</subfield>
  </datafield>
  <datafield tag="852" ind1=" " ind2=" ">
   <subfield code="a">INST</subfield>
   <subfield code="b">UNIPILB</subfield>
   <subfield code="c">SERIALS</subfield>
   <subfield code="e">20060714</subfield>
   <subfield code="h">ΚΕΤ Αλφαβητική σειρά</subfield>
   <subfield code="p">51975</subfield>
   <subfield code="q">51975</subfield>
   <subfield code="t">NOLOAN</subfield>
   <subfield code="v">no.1:(Μήνας)February;(Έτος)1999</subfield>
   <subfield code="y">23</subfield>
  </datafield>
  <datafield tag="852" ind1=" " ind2=" ">
   <subfield code="a">INST</subfield>
   <subfield code="b">UNIPILB</subfield>
   <subfield code="c">SERIALS</subfield>
   <subfield code="e">20060714</subfield>
   <subfield code="h">ΚΕΤ Αλφαβητική σειρά</subfield>
   <subfield code="p">51976</subfield>
   <subfield code="q">51976</subfield>
   <subfield code="t">NOLOAN</subfield>
   <subfield code="v">no.2:(Μήνας)June;(Έτος)1999</subfield>
   <subfield code="y">23</subfield>
  </datafield>
  <datafield tag="852" ind1=" " ind2=" ">
   <subfield code="a">INST</subfield>
   <subfield code="b">UNIPILB</subfield>
   <subfield code="c">SERIALS</subfield>
   <subfield code="e">20060714</subfield>
   <subfield code="h">ΚΕΤ Αλφαβητική σειρά</subfield>
   <subfield code="p">51977</subfield>
   <subfield code="q">51977</subfield>
   <subfield code="t">NOLOAN</subfield>
   <subfield code="v">no.3:(Μήνας)October;(Έτος)1999</subfield>
   <subfield code="y">23</subfield>
  </datafield>
  <datafield tag="852" ind1=" " ind2=" ">
   <subfield code="a">INST</subfield>
   <subfield code="b">UNIPILB</subfield>
   <subfield code="c">SERIALS</subfield>
   <subfield code="e">20060714</subfield>
   <subfield code="h">ΚΕΤ Αλφαβητική σειρά</subfield>
   <subfield code="p">51978</subfield>
   <subfield code="q">51978</subfield>
   <subfield code="t">NOLOAN</subfield>
   <subfield code="v">no.1:(Μήνας)February;(Έτος)2000</subfield>
   <subfield code="y">23</subfield>
  </datafield>
  <datafield tag="852" ind1=" " ind2=" ">
   <subfield code="a">INST</subfield>
   <subfield code="b">UNIPILB</subfield>
   <subfield code="c">SERIALS</subfield>
   <subfield code="e">20060714</subfield>
   <subfield code="h">ΚΕΤ Αλφαβητική σειρά</subfield>
   <subfield code="p">51979</subfield>
   <subfield code="q">51979</subfield>
   <subfield code="t">NOLOAN</subfield>
   <subfield code="v">no.2:(Μήνας)June;(Έτος)2000</subfield>
   <subfield code="y">23</subfield>
  </datafield>
  <datafield tag="852" ind1=" " ind2=" ">
   <subfield code="a">INST</subfield>
   <subfield code="b">UNIPILB</subfield>
   <subfield code="c">SERIALS</subfield>
   <subfield code="e">20060714</subfield>
   <subfield code="h">ΚΕΤ Αλφαβητική σειρά</subfield>
   <subfield code="p">51982</subfield>
   <subfield code="q">51982</subfield>
   <subfield code="t">NOLOAN</subfield>
   <subfield code="v">no.1:(Μήνας)February;(Έτος)2001</subfield>
   <subfield code="y">23</subfield>
  </datafield>
  <datafield tag="852" ind1=" " ind2=" ">
   <subfield code="a">INST</subfield>
   <subfield code="b">UNIPILB</subfield>
   <subfield code="c">SERIALS</subfield>
   <subfield code="e">20060714</subfield>
   <subfield code="h">ΚΕΤ Αλφαβητική σειρά</subfield>
   <subfield code="p">51983</subfield>
   <subfield code="q">51983</subfield>
   <subfield code="t">NOLOAN</subfield>
   <subfield code="v">no.2:(Μήνας)June;(Έτος)2001</subfield>
   <subfield code="y">23</subfield>
  </datafield>
  <datafield tag="852" ind1=" " ind2=" ">
   <subfield code="a">INST</subfield>
   <subfield code="b">UNIPILB</subfield>
   <subfield code="c">SERIALS</subfield>
   <subfield code="e">20060714</subfield>
   <subfield code="h">ΚΕΤ Αλφαβητική σειρά</subfield>
   <subfield code="p">51984</subfield>
   <subfield code="q">51984</subfield>
   <subfield code="t">NOLOAN</subfield>
   <subfield code="v">no.3:(Μήνας)October;(Έτος)2001</subfield>
   <subfield code="y">23</subfield>
  </datafield>
  <datafield tag="852" ind1=" " ind2=" ">
   <subfield code="a">INST</subfield>
   <subfield code="b">UNIPILB</subfield>
   <subfield code="c">SERIALS</subfield>
   <subfield code="e">20060714</subfield>
   <subfield code="h">ΚΕΤ Αλφαβητική σειρά</subfield>
   <subfield code="p">51985</subfield>
   <subfield code="q">51985</subfield>
   <subfield code="t">NOLOAN</subfield>
   <subfield code="v">no.1:(Μήνας)February;(Έτος)2002</subfield>
   <subfield code="y">23</subfield>
  </datafield>
  <datafield tag="852" ind1=" " ind2=" ">
   <subfield code="a">INST</subfield>
   <subfield code="b">UNIPILB</subfield>
   <subfield code="c">SERIALS</subfield>
   <subfield code="e">20060714</subfield>
   <subfield code="h">ΚΕΤ Αλφαβητική σειρά</subfield>
   <subfield code="p">51986</subfield>
   <subfield code="q">51986</subfield>
   <subfield code="t">NOLOAN</subfield>
   <subfield code="v">no.2:(Μήνας)June;(Έτος)2002</subfield>
   <subfield code="y">23</subfield>
  </datafield>
  <datafield tag="852" ind1=" " ind2=" ">
   <subfield code="a">INST</subfield>
   <subfield code="b">UNIPILB</subfield>
   <subfield code="c">SERIALS</subfield>
   <subfield code="e">20060714</subfield>
   <subfield code="h">ΚΕΤ Αλφαβητική σειρά</subfield>
   <subfield code="p">51987</subfield>
   <subfield code="q">51987</subfield>
   <subfield code="t">NOLOAN</subfield>
   <subfield code="v">no.1:(Εποχή)Spring;(Έτος)2003</subfield>
   <subfield code="y">23</subfield>
  </datafield>
  <datafield tag="852" ind1=" " ind2=" ">
   <subfield code="a">INST</subfield>
   <subfield code="b">UNIPILB</subfield>
   <subfield code="c">SERIALS</subfield>
   <subfield code="e">20060714</subfield>
   <subfield code="h">ΚΕΤ Αλφαβητική σειρά</subfield>
   <subfield code="p">51988</subfield>
   <subfield code="q">51988</subfield>
   <subfield code="t">NOLOAN</subfield>
   <subfield code="v">no.2:(Εποχή)Summer;(Έτος)2003</subfield>
   <subfield code="y">23</subfield>
  </datafield>
  <datafield tag="852" ind1=" " ind2=" ">
   <subfield code="a">INST</subfield>
   <subfield code="b">UNIPILB</subfield>
   <subfield code="c">SERIALS</subfield>
   <subfield code="e">20060714</subfield>
   <subfield code="h">ΚΕΤ Αλφαβητική σειρά</subfield>
   <subfield code="p">51989</subfield>
   <subfield code="q">51989</subfield>
   <subfield code="t">NOLOAN</subfield>
   <subfield code="v">no.1:(Εποχή)Spring;(Έτος)2004</subfield>
   <subfield code="y">23</subfield>
  </datafield>
  <datafield tag="852" ind1=" " ind2=" ">
   <subfield code="a">INST</subfield>
   <subfield code="b">UNIPILB</subfield>
   <subfield code="c">SERIALS</subfield>
   <subfield code="e">20060714</subfield>
   <subfield code="h">ΚΕΤ Αλφαβητική σειρά</subfield>
   <subfield code="p">51990</subfield>
   <subfield code="q">51990</subfield>
   <subfield code="t">NOLOAN</subfield>
   <subfield code="v">no.2:(Εποχή)Summer;(Έτος)2004</subfield>
   <subfield code="y">23</subfield>
  </datafield>
  <datafield tag="852" ind1=" " ind2=" ">
   <subfield code="a">INST</subfield>
   <subfield code="b">UNIPILB</subfield>
   <subfield code="c">SERIALS</subfield>
   <subfield code="e">20060714</subfield>
   <subfield code="h">ΚΕΤ Αλφαβητική σειρά</subfield>
   <subfield code="p">51991</subfield>
   <subfield code="q">51991</subfield>
   <subfield code="t">NOLOAN</subfield>
   <subfield code="v">no.3:(Εποχή)Autumn;(Έτος)2004</subfield>
   <subfield code="y">23</subfield>
  </datafield>
  <datafield tag="852" ind1=" " ind2=" ">
   <subfield code="a">INST</subfield>
   <subfield code="b">UNIPILB</subfield>
   <subfield code="c">SERIALS</subfield>
   <subfield code="e">20060714</subfield>
   <subfield code="h">ΚΕΤ Αλφαβητική σειρά</subfield>
   <subfield code="p">51992</subfield>
   <subfield code="q">51992</subfield>
   <subfield code="t">NOLOAN</subfield>
   <subfield code="v">no.1:(Εποχή)Spring;(Έτος)2005</subfield>
   <subfield code="y">23</subfield>
  </datafield>
  <datafield tag="852" ind1=" " ind2=" ">
   <subfield code="a">INST</subfield>
   <subfield code="b">UNIPILB</subfield>
   <subfield code="c">SERIALS</subfield>
   <subfield code="e">20060714</subfield>
   <subfield code="h">ΚΕΤ Αλφαβητική σειρά</subfield>
   <subfield code="p">51993</subfield>
   <subfield code="q">51993</subfield>
   <subfield code="t">NOLOAN</subfield>
   <subfield code="v">no.2:(Εποχή)Summer;(Έτος)2005</subfield>
   <subfield code="y">23</subfield>
  </datafield>
  <datafield tag="852" ind1=" " ind2=" ">
   <subfield code="a">INST</subfield>
   <subfield code="b">UNIPILB</subfield>
   <subfield code="c">SERIALS</subfield>
   <subfield code="e">20060714</subfield>
   <subfield code="h">ΚΕΤ Αλφαβητική σειρά</subfield>
   <subfield code="p">51994</subfield>
   <subfield code="q">51994</subfield>
   <subfield code="t">NOLOAN</subfield>
   <subfield code="v">no.1:(Εποχή)Spring;(Έτος)2006</subfield>
   <subfield code="y">23</subfield>
  </datafield>
  <datafield tag="852" ind1=" " ind2=" ">
   <subfield code="a">INST</subfield>
   <subfield code="b">UNIPILB</subfield>
   <subfield code="c">SERIALS</subfield>
   <subfield code="e">20060919</subfield>
   <subfield code="h">ΚΕΤ Αλφαβητική σειρά</subfield>
   <subfield code="p">52801</subfield>
   <subfield code="q">52801</subfield>
   <subfield code="t">NOLOAN</subfield>
   <subfield code="v">no.2:(Εποχή)Summer;(Έτος)2006</subfield>
   <subfield code="y">23</subfield>
  </datafield>
  <datafield tag="852" ind1=" " ind2=" ">
   <subfield code="a">INST</subfield>
   <subfield code="b">UNIPILB</subfield>
   <subfield code="c">SERIALS</subfield>
   <subfield code="e">20060928</subfield>
   <subfield code="h">ΚΕΤ Αλφαβητική σειρά</subfield>
   <subfield code="p">52945</subfield>
   <subfield code="q">52945</subfield>
   <subfield code="t">NOLOAN</subfield>
   <subfield code="v">no.3:(Εποχή)Autumn;(Έτος)2005</subfield>
   <subfield code="y">23</subfield>
  </datafield>
  <datafield tag="852" ind1=" " ind2=" ">
   <subfield code="a">INST</subfield>
   <subfield code="b">UNIPILB</subfield>
   <subfield code="c">SERIALS</subfield>
   <subfield code="e">20070216</subfield>
   <subfield code="h">ΚΕΤ Αλφαβητική σειρά</subfield>
   <subfield code="p">54790</subfield>
   <subfield code="q">54790</subfield>
   <subfield code="t">NOLOAN</subfield>
   <subfield code="v">no.3:(Εποχή)Autumn;(Έτος)2006</subfield>
   <subfield code="y">23</subfield>
  </datafield>
  <datafield tag="852" ind1=" " ind2=" ">
   <subfield code="a">INST</subfield>
   <subfield code="b">UNIPILB</subfield>
   <subfield code="c">SERIALS</subfield>
   <subfield code="e">20070704</subfield>
   <subfield code="h">ΚΕΤ Αλφαβητική σειρά</subfield>
   <subfield code="p">56192</subfield>
   <subfield code="q">56192</subfield>
   <subfield code="t">NOLOAN</subfield>
   <subfield code="v">no.1:(Εποχή)Spring;(Έτος)2007</subfield>
   <subfield code="y">23</subfield>
  </datafield>
  <datafield tag="852" ind1=" " ind2=" ">
   <subfield code="a">INST</subfield>
   <subfield code="b">UNIPILB</subfield>
   <subfield code="c">SERIALS</subfield>
   <subfield code="e">20071213</subfield>
   <subfield code="h">ΚΕΤ Αλφαβητική σειρά</subfield>
   <subfield code="p">58894</subfield>
   <subfield code="q">58894</subfield>
   <subfield code="t">NOLOAN</subfield>
   <subfield code="v">no.2:(Έτος)2007</subfield>
   <subfield code="y">23</subfield>
  </datafield>
  <datafield tag="852" ind1=" " ind2=" ">
   <subfield code="a">INST</subfield>
   <subfield code="b">UNIPILB</subfield>
   <subfield code="c">SERIALS</subfield>
   <subfield code="e">20080304</subfield>
   <subfield code="h">ΚΕΤ Αλφαβητική σειρά</subfield>
   <subfield code="p">59973</subfield>
   <subfield code="q">59973</subfield>
   <subfield code="t">NOLOAN</subfield>
   <subfield code="v">no.3:(Εποχή)Fall;(Έτος)2007</subfield>
   <subfield code="y">23</subfield>
  </datafield>
  <datafield tag="852" ind1=" " ind2=" ">
   <subfield code="a">INST</subfield>
   <subfield code="b">UNIPILB</subfield>
   <subfield code="c">SERIALS</subfield>
   <subfield code="e">20080724</subfield>
   <subfield code="h">ΚΕΤ Αλφαβητική σειρά</subfield>
   <subfield code="p">61262</subfield>
   <subfield code="q">61262</subfield>
   <subfield code="t">NOLOAN</subfield>
   <subfield code="v">no.1:(Έτος)2008</subfield>
   <subfield code="y">23</subfield>
  </datafield>
  <datafield tag="852" ind1=" " ind2=" ">
   <subfield code="a">INST</subfield>
   <subfield code="b">UNIPILB</subfield>
   <subfield code="c">SERIALS</subfield>
   <subfield code="e">20090202</subfield>
   <subfield code="h">ΚΕΤ Αλφαβητική σειρά</subfield>
   <subfield code="p">62656</subfield>
   <subfield code="q">62656</subfield>
   <subfield code="t">NOLOAN</subfield>
   <subfield code="v">no.2:(Έτος)2008</subfield>
   <subfield code="y">23</subfield>
  </datafield>
  <datafield tag="852" ind1=" " ind2=" ">
   <subfield code="a">INST</subfield>
   <subfield code="b">UNIPILB</subfield>
   <subfield code="c">SERIALS</subfield>
   <subfield code="e">20100120</subfield>
   <subfield code="h">ΚΕΤ Αλφαβητική σειρά</subfield>
   <subfield code="p">66348</subfield>
   <subfield code="q">66348</subfield>
   <subfield code="t">NOLOAN</subfield>
   <subfield code="v">no.3:(Έτος)2008</subfield>
   <subfield code="y">23</subfield>
  </datafield>
  <datafield tag="852" ind1=" " ind2=" ">
   <subfield code="a">INST</subfield>
   <subfield code="b">UNIPILB</subfield>
   <subfield code="c">SERIALS</subfield>
   <subfield code="e">20120425</subfield>
   <subfield code="h">ΚΕΤ Αλφαβητική σειρά</subfield>
   <subfield code="p">75278</subfield>
   <subfield code="q">75278</subfield>
   <subfield code="t">NOLOAN</subfield>
   <subfield code="v">vol.Special edition:(Έτος)2008</subfield>
   <subfield code="y">23</subfield>
  </datafield>
  <datafield tag="856" ind1="4" ind2="1">
   <subfield code="u">http://ec.europa.eu/comm/competition/publications/cpn/</subfield>
  </datafield>
  <datafield tag="900" ind1=" " ind2=" ">
   <subfield code="a">No. 2 (Spring 2009)</subfield>
   <subfield code="b">Οφειλόμενο</subfield>
   <subfield code="c">17/12/2012</subfield>
  </datafield>
  <datafield tag="900" ind1=" " ind2=" ">
   <subfield code="a">No. 3 (October 2000)</subfield>
   <subfield code="b">Οφειλόμενο</subfield>
   <subfield code="c">18/07/2006</subfield>
  </datafield>
  <datafield tag="900" ind1=" " ind2=" ">
   <subfield code="a">No. 3 (October 2002)</subfield>
   <subfield code="b">Οφειλόμενο</subfield>
   <subfield code="c">18/07/2006</subfield>
  </datafield>
  <datafield tag="900" ind1=" " ind2=" ">
   <subfield code="a">No. 3 (Autumn 2003)</subfield>
   <subfield code="b">Οφειλόμενο</subfield>
   <subfield code="c">18/07/2006</subfield>
  </datafield>
  <datafield tag="900" ind1=" " ind2=" ">
   <subfield code="a">No. 1 (Winter 2009)</subfield>
   <subfield code="b">Οφειλόμενο</subfield>
   <subfield code="c">14/09/2012</subfield>
  </datafield>
  <datafield tag="950" ind1=" " ind2=" ">
   <subfield code="a">01/01/1998</subfield>
   <subfield code="c">ΚΕΝΤΡΟ ΕΥΡΩΠΑΙΚΗΣ ΤΕΚΜΗΡΙΩΣΗΣ</subfield>
   <subfield code="d">684</subfield>
  </datafield>
  <datafield tag="951" ind1=" " ind2=" ">
   <subfield code="a">No. 3  (2008)</subfield>
   <subfield code="b">Main run</subfield>
  </datafield>
  <datafield tag="951" ind1=" " ind2=" ">
   <subfield code="a">Special edition (2008)</subfield>
   <subfield code="b">Advance Sheets</subfield>
  </datafield>
  <datafield tag="951" ind1=" " ind2=" ">
   <subfield code="a">No. 1  (February 1998)</subfield>
   <subfield code="b">Main run</subfield>
  </datafield>
  <datafield tag="951" ind1=" " ind2=" ">
   <subfield code="a">No. 2  (June 1998)</subfield>
   <subfield code="b">Main run</subfield>
  </datafield>
  <datafield tag="951" ind1=" " ind2=" ">
   <subfield code="a">No. 3  (October 1998)</subfield>
   <subfield code="b">Main run</subfield>
  </datafield>
  <datafield tag="951" ind1=" " ind2=" ">
   <subfield code="a">No. 1  (February 1999)</subfield>
   <subfield code="b">Main run</subfield>
  </datafield>
  <datafield tag="951" ind1=" " ind2=" ">
   <subfield code="a">No. 2  (June 1999)</subfield>
   <subfield code="b">Main run</subfield>
  </datafield>
  <datafield tag="951" ind1=" " ind2=" ">
   <subfield code="a">No. 3  (October 1999)</subfield>
   <subfield code="b">Main run</subfield>
  </datafield>
  <datafield tag="951" ind1=" " ind2=" ">
   <subfield code="a">No. 1  (February 2000)</subfield>
   <subfield code="b">Main run</subfield>
  </datafield>
  <datafield tag="951" ind1=" " ind2=" ">
   <subfield code="a">No. 2  (June 2000)</subfield>
   <subfield code="b">Main run</subfield>
  </datafield>
  <datafield tag="951" ind1=" " ind2=" ">
   <subfield code="a">No. 1  (February 2001)</subfield>
   <subfield code="b">Main run</subfield>
  </datafield>
  <datafield tag="951" ind1=" " ind2=" ">
   <subfield code="a">No. 2  (June 2001)</subfield>
   <subfield code="b">Main run</subfield>
  </datafield>
  <datafield tag="951" ind1=" " ind2=" ">
   <subfield code="a">No. 3  (October 2001)</subfield>
   <subfield code="b">Main run</subfield>
  </datafield>
  <datafield tag="951" ind1=" " ind2=" ">
   <subfield code="a">No. 1  (February 2002)</subfield>
   <subfield code="b">Main run</subfield>
  </datafield>
  <datafield tag="951" ind1=" " ind2=" ">
   <subfield code="a">No. 2  (June 2002)</subfield>
   <subfield code="b">Main run</subfield>
  </datafield>
  <datafield tag="951" ind1=" " ind2=" ">
   <subfield code="a">No. 1  (Spring 2003)</subfield>
   <subfield code="b">Main run</subfield>
  </datafield>
  <datafield tag="951" ind1=" " ind2=" ">
   <subfield code="a">No. 2  (Summer 2003)</subfield>
   <subfield code="b">Main run</subfield>
  </datafield>
  <datafield tag="951" ind1=" " ind2=" ">
   <subfield code="a">No. 1  (Spring 2004)</subfield>
   <subfield code="b">Main run</subfield>
  </datafield>
  <datafield tag="951" ind1=" " ind2=" ">
   <subfield code="a">No. 2  (Summer 2004)</subfield>
   <subfield code="b">Main run</subfield>
  </datafield>
  <datafield tag="951" ind1=" " ind2=" ">
   <subfield code="a">No. 3  (Autumn 2004)</subfield>
   <subfield code="b">Main run</subfield>
  </datafield>
  <datafield tag="951" ind1=" " ind2=" ">
   <subfield code="a">No. 1  (Spring 2005)</subfield>
   <subfield code="b">Main run</subfield>
  </datafield>
  <datafield tag="951" ind1=" " ind2=" ">
   <subfield code="a">No. 2  (Summer 2005)</subfield>
   <subfield code="b">Main run</subfield>
  </datafield>
  <datafield tag="951" ind1=" " ind2=" ">
   <subfield code="a">No. 3  (Autumn 2005)</subfield>
   <subfield code="b">Main run</subfield>
  </datafield>
  <datafield tag="951" ind1=" " ind2=" ">
   <subfield code="a">No. 1  (Spring 2006)</subfield>
   <subfield code="b">Main run</subfield>
  </datafield>
  <datafield tag="951" ind1=" " ind2=" ">
   <subfield code="a">No. 2  (Summer 2006)</subfield>
   <subfield code="b">Main run</subfield>
  </datafield>
  <datafield tag="951" ind1=" " ind2=" ">
   <subfield code="a">No. 3  (Autumn 2006)</subfield>
   <subfield code="b">Main run</subfield>
  </datafield>
  <datafield tag="951" ind1=" " ind2=" ">
   <subfield code="a">No. 2 (2007)</subfield>
   <subfield code="b">Main run</subfield>
  </datafield>
  <datafield tag="951" ind1=" " ind2=" ">
   <subfield code="a">No. 1 (Spring 2007)</subfield>
   <subfield code="b">Main run</subfield>
  </datafield>
  <datafield tag="951" ind1=" " ind2=" ">
   <subfield code="a">No. 3 (Fall 2007)</subfield>
   <subfield code="b">Main run</subfield>
  </datafield>
  <datafield tag="951" ind1=" " ind2=" ">
   <subfield code="a">No. 1 (2008)</subfield>
   <subfield code="b">Main run</subfield>
  </datafield>
  <datafield tag="951" ind1=" " ind2=" ">
   <subfield code="a">No. 2  (2008)</subfield>
   <subfield code="b">Main run</subfield>
  </datafield>
 </record>
</collection>
